000 00583nam a2200205Ia 4500
005 20250508160919.0
008 008 250505s9999 xx 000 0 eng d
020 _a0-87626-006-7
037 _aTextual
040 _aFEDL
_beng
_cFEDL
041 _aeng
_2eng
084 _a301.15, WEB
_qFEDL
100 _aWebster Murray
_9328613
245 0 _aActions and actors : Principles of social psychology
260 _aCambridge
_bWinthrop Publishers
_c1975
300 _axii,481p.
650 _aSociology
942 _cTEXL
_h301.15, WEB
999 _c1367359
_d1367359